Central Library OPAC University of Rajshahi

Hard times : (Record no. 19909)

MARC details
000 -LEADER
fixed length control field 00915cam a2200289 4500
001 - CONTROL NUMBER
control field 19909
003 - CONTROL NUMBER IDENTIFIER
rucl marc code BD-RjUL
005 - DATE AND TIME OF LATEST TRANSACTION
control field 20211209000508.0
008 - FIXED-LENGTH DATA ELEMENTS--GENERAL INFORMATION
fixed length control field 140226r19681955enk b 000 1 eng
035 ## - SYSTEM CONTROL NUMBER
System control number (BD-RjUL)19970
040 ## - CATALOGING SOURCE
Original cataloging agency DLC
Transcribing agency DLC
Modifying agency DLC
-- OCoLC
-- DLC
-- BD-RjUL
Language of cataloging eng
041 ## - LANGUAGE CODE
Language code of text/sound track or separate title eng
082 00 - DEWEY DECIMAL CLASSIFICATION NUMBER
Classification number 823.8
Author mark and year DIH 1968
100 1# - MAIN ENTRY--PERSONAL NAME
Personal name Dickens, Charles,
Dates associated with a name 1812-1870.
9 (RLIN) 61171
245 10 - TITLE STATEMENT
Title Hard times :
Remainder of title For these times /
Statement of responsibility, etc. Charles Dickens.
260 ## - PUBLICATION, DISTRIBUTION, ETC. (IMPRINT)
Place of publication, distribution, etc. London :
Name of publisher, distributor, etc. Oxford university press,
Date of publication, distribution, etc. 1955 [Reprinted 1968].
300 ## - PHYSICAL DESCRIPTION
Pagination xvi, 299 p. ;
Size 21 cm.
490 0# - SERIES STATEMENT
Series statement A Norton critical edition
600 10 - SUBJECT ADDED ENTRY--PERSONAL NAME
Personal name Dickens, Charles,
Dates associated with a name 1812-1870.
650 #0 - SUBJECT ADDED ENTRY--TOPICAL TERM
Topical term or geographic name as entry element Social problems
Form subdivision Fiction.
9 (RLIN) 61173
651 #0 - SUBJECT ADDED ENTRY--GEOGRAPHIC NAME
Geographic name England
Form subdivision Fiction.
9 (RLIN) 61174
942 ## - ADDED ENTRY ELEMENTS (KOHA)
Source of classification or shelving scheme Dewey Decimal Classification
Koha item type Books
Holdings
Lost status Source of classification or shelving scheme Damaged status Not for loan Collection code Permanent Location Current Location Shelving location Date acquired Source of acquisition Cost, normal purchase price Total Checkouts Full call number Date last seen Date checked out Copy number Koha item type
  Dewey Decimal Classification     Non-fiction Central Library, University of Rajshahi Central Library, University of Rajshahi   13/03/1970 Zeitlinger 251.00 1 823.8 DIH 1968 08/05/2022 17/04/2022 C-2 Books